000 00301nam a22001337a 4500
008 170907b xxu||||| |||| 00| 0 eng d
020 _a9780321590046
041 _aeng
080 _210TH
_a91
100 _a42
101 _aGJEO
245 _aWORLD REGIONAL GEOGRAPHY
_cJOHNSON,D.L
942 _2udc
_cBK
999 _c26599
_d26599